000
00220nam a22000857a 4500
008
170303b xxu||||| |||| 00| 0 eng d
100
_9
3023
_a
Chesney,D.Noreen,et al
245
_a
Radiography imaging
260
_a
Delhi
_b
CBS
_c
2004
999
_c
6266
_d
6266